Logo BPK

Biblioteka

Politechniki Koszalińskiej

An Introduction to Thermomechanics / (Rekord nr 19412)

Szczegóły MARC
000 -ETYKIETA REKORDU
podpole kontrolne o stałej długości 00314nam a2200133 i 4500
001 - NUMER KONTROLNY REKORDU
pole kontrolne bg
040 ## - ŹRÓDŁO KATALOGOWANIA
Instytucja, która utworzyła rekord BPK
041 ## - KOD JĘZYKA
Kod języka tekstu pol
008 - POLE O STAŁEJ DŁUGOŚCI - DANE KONTROLNE
podpole kontrolne o stałej długości s pl f |000 0 pol
100 1# - NAZWA OSOBOWA
Nazwa osobowa ZIEGLER, Hans
245 #0 - TYTUŁ/ODPOWIEDZIALNOŚĆ
Tytuł An Introduction to Thermomechanics /
Pozostałe elementy strefy tytułu i oznaczenia odpowiedzialności Hans Ziegler.
260 ## - STREFA ADRESU WYDAWNICZEGO
Miejsce wydania Amsterdam,
Data publikacji, dystrybucji/powstania dokumentu 1977.
856 ## - LOKALIZACJA I DOSTĘP DO ELEKTRONICZNYCH DOKUMENTÓW ZDALNYCH
Link (URL) http://koha.tu.koszalin.pl/cgi-bin/koha/opac-detail.pl?biblionumber=19412
Tekst linku Katalog online BPK
942 ## - DODATKOWE ELEMENTY (KOHA)
Typ dokumentu Książka
Egzemplarze
Wycofany Status egzemplarza Uszkodzony Dostępność Lokalizacja stała Lokalizacja bieżąca Miejsce przechowywania Sygnatura Kod kreskowy Typ dokumentu
      Dostępny Biblioteka Politechniki Koszalińskiej Biblioteka Politechniki Koszalińskiej Wypożyczalnia BG 27331 01441512 Książka
© 2023 Biblioteka Politechniki Koszalińskiej :: KOHA